banner koha

Rice genotypes for drought tolerance: morphological and transcriptional evaluation of auxin-related genes (Registro n. 250754)

MARC details
000 -LÍDER
campo de controle de tamanho fixo 01080nas a2200349 4500
001 - NÚMERO DE CONTROLE
campo de controle BR2016004639
003 - IDENTIFICADOR DO NÚMERO DE CONTROLE
campo de controle BR-BrBNA
005 - DATA E HORÁRIO DA ÚLTIMA TRANSAÇÃO
campo de controle 20231205130711.0
007 - CAMPO FIXO DE DESCRIÇÃO FÍSICA--INFORMAÇÃO GERAL
campo de controle de tamanho fixo ta
008 - CAMPO DE DADOS FIXOS--INFORMAÇÃO GERAL
campo de controle de tamanho fixo 230509b bl.|||p| |||| 00| 00por d
040 ## - FONTE DA CATALOGAÇÃO
Instituição da catalogação original BR-BrBNA
Idioma da catalogação por
Instituição que transcreveu o registro Biblioteca Nacional de Agricultura
041 ## - CÓDIGO DE IDIOMA
Código do idioma do texto/trilha sonora ou título diferente (En)
072 ## - CÓDIGO DE CATEGORIA DE ASSUNTO
Código de Categoria de Assunto F30
100 1# - ENTRADA PRINCIPAL--NOME PESSOAL
Nome pessoal Madabula, F.P.
100 1# - ENTRADA PRINCIPAL--NOME PESSOAL
Nome pessoal Santos, R.S. dos
100 1# - ENTRADA PRINCIPAL--NOME PESSOAL
Nome pessoal Machado, N.
100 1# - ENTRADA PRINCIPAL--NOME PESSOAL
Nome pessoal Pegoraro, C.
100 1# - ENTRADA PRINCIPAL--NOME PESSOAL
Nome pessoal Kruger, M.M.
100 1# - ENTRADA PRINCIPAL--NOME PESSOAL
Nome pessoal Maia, L.C. da
100 1# - ENTRADA PRINCIPAL--NOME PESSOAL
Nome pessoal Souza, R.O. de
100 1# - ENTRADA PRINCIPAL--NOME PESSOAL
Nome pessoal Oliveira, A.C. de
245 1# - TÍTULO
Título Rice genotypes for drought tolerance: morphological and transcriptional evaluation of auxin-related genes
650 ## - ASSUNTO--TERMO TÓPICO
Cabeçalho tópico ou nome geográfico ARROZ
650 ## - ASSUNTO--TERMO TÓPICO
Cabeçalho tópico ou nome geográfico GENÓTIPO
650 ## - ASSUNTO--TERMO TÓPICO
Cabeçalho tópico ou nome geográfico GENÉTICA VEGETAL
650 ## - ASSUNTO--TERMO TÓPICO
Cabeçalho tópico ou nome geográfico CRUZAMENTO
650 ## - ASSUNTO--TERMO TÓPICO
Cabeçalho tópico ou nome geográfico CONDIÇÃO AMBIENTAL
773 0# - ENTRADA ANALÍTICA
Título Bragantia (Brazil)
ISSN - International Standard Serial Number ISSN 1678-4499
Partes relacionadas (Oct-Dec 2016), v. 75(4) p. 428-434
Número de controle do registro BR2016004639
856 40 - LOCALIZAÇÃO ELETRÔNICA E ACESSO
Uniform Resource Identifier <a href="http://www.scielo.br/pdf/brag/v75n4/0006-8705-brag-1678-4499562.pdf">http://www.scielo.br/pdf/brag/v75n4/0006-8705-brag-1678-4499562.pdf</a>
909 ## -
-- 202311
-- Lúcia
-- 55
-- Lúcia Elande
942 ## - ELEMENTOS DE ENTRADA ADICIONADOS (KOHA)
Fonte da classificação ou esquema de arquivamento na estante Classificação AGRIS
Ocultar no OPAC Não
Tipo de material Koha Analítica
Exemplares
Situação do descarte Fonte da classificação ou esquema de arquivamento na estante Situação física Não pode ser emprestado Biblioteca de origem Biblioteca atual Localização na estante Enumeração do periódico / cronologia Total de empréstimos Data de último acesso Número do exemplar Tipo de material Koha Fonte de aquisição
  Classificação AGRIS   Consulta local Biblioteca Nacional de Agricultura - Binagri Biblioteca Nacional de Agricultura - Binagri   (Oct-Dec 2016), v. 75(4) p. 428-434   29/11/2023 01 Periódicos Portaria Interministerial nº 164/94

BINAGRI

Telefone: (61)3218-2567/2388/3357/2097 - binagri@agro.gov.br

Ministério da Agricultura e Pecuária , Esplanada dos Ministérios, Bloco D, Anexo B, Brasília/DF, CEP: 70.043-900